[Event "11. Lichtenberger Sommer"]
[Site "Berlin"]
[Date "2012.08.20"]
[Round "3.75"]
[White "Barisch, Florian"]
[Black "Heinrich, Wesko"]
[Result "1-0"]
[WhiteElo "1979"]
[BlackElo "1555"]
[PlyCount "51"]
[EventDate "2012.??.??"]
[WhiteTeam "SV 1934 Ffm-Griesheim"]
[BlackTeam "SG Narva Berlin e.V."]

1. d4 d5 2. Bf4 c6 3. e3 Bf5 4. c4 e6 5. Qb3 Qc8 6. Nc3 Nf6 7. Rc1 Nbd7 8. cxd5
exd5 9. Nb5 Kd8 10. Nd6 Bxd6 11. Bxd6 Ne4 12. Ba3 Re8 13. Nf3 Bg4 14. Be2 Ndf6
15. Ne5 Qf5 16. O-O Kc7 17. Qd1 Bxe2 18. Qxe2 Ng5 19. Qd2 Rxe5 20. dxe5 Ng4 21.
Qxd5 Ne4 22. f3 Rd8 23. Bd6+ Kc8 24. Rxc6+ Kd7 25. Rc7+ Ke8 26. Re7+ 1-0

[Event "11. Lichtenberger Sommer"]
[Site "Berlin"]
[Date "2012.08.20"]
[Round "3.76"]
[White "Mayer, Herbert"]
[Black "Gnaß, Erhard"]
[Result "0-1"]
[WhiteElo "1975"]
[BlackElo "1528"]
[PlyCount "106"]
[EventDate "2012.??.??"]
[WhiteTeam "SC Rochade e.V."]
[BlackTeam "SK Zehlendorf e.V."]

1. c4 c5 2. Nc3 b6 3. g3 Bb7 4. Nf3 g6 5. Bg2 Bg7 6. O-O Nf6 7. Rb1 O-O 8. d3
Nc6 9. e4 e5 10. a3 d6 11. b4 Re8 12. Bg5 h6 13. Bd2 Nd4 14. Ne1 Bc8 15. Kh1
Rb8 16. Qc1 Kh7 17. Nc2 Bd7 18. Ne3 Qc8 19. Ned5 Nxd5 20. Nxd5 Bh3 21. Qd1
Bxg2+ 22. Kxg2 Rf8 23. f4 h5 24. f5 Qd7 25. f6 Bh6 26. Bxh6 Kxh6 27. h3 Ne6 28.
Qd2+ Kh7 29. Qf2 Rbe8 30. g4 Nf4+ 31. Nxf4 exf4 32. Qxf4 Rg8 33. Kf2 g5 34. Qf3
h4 35. Kg2 Rg6 36. bxc5 dxc5 37. Rb2 Qd4 38. Rbf2 Qe5 39. Kh1 Rd8 40. Qe3 Qc3
41. Rd2 Rxf6 42. Rxf6 Qxf6 43. Rf2 Qa1+ 44. Kg2 Kg6 45. e5 Qd4 46. Rf6+ Kg7 47.
Qxg5+ Kf8 48. Rh6 Qb2+ 49. Kf3 Rxd3+ 50. Ke4 Qe2+ 51. Kf5 Rf3+ 52. Qf4 Rxf4+
53. Kxf4 Qd2+ 0-1

[Event "11. Lichtenberger Sommer"]
[Site "Berlin"]
[Date "2012.08.20"]
[Round "3.77"]
[White "Meinicke, Kurt"]
[Black "Olivares, Eduardo"]
[Result "0-1"]
[WhiteElo "1547"]
[BlackElo "1849"]
[PlyCount "68"]
[EventDate "2012.??.??"]
[WhiteTeam "BSG 1827 Eckbauer e.V."]
[BlackTeam "SC Zitadelle Spandau 1977 e.V."]

1. d4 Nf6 2. c4 e6 3. Nc3 Bb4 4. e3 O-O 5. a3 Bxc3+ 6. bxc3 b6 7. Nf3 Nc6 8.
Bd3 Ba6 9. O-O Na5 10. Nd2 Qc8 11. f3 c5 12. Qe2 Qc6 13. Bb2 Rac8 14. d5 exd5
15. cxd5 Bxd3 16. Qxd3 Qxd5 17. Qxd5 Nxd5 18. Rfe1 Rfe8 19. e4 Nf4 20. Re3 d5
21. g3 Ng6 22. Rae1 dxe4 23. c4 Red8 24. Bc3 exf3 25. Bxa5 bxa5 26. Nb3 a4 27.
Na5 f6 28. Rxf3 Ne5 29. Rfe3 Rc7 30. Rb1 Rd4 31. Rb8+ Kf7 32. Nb7 Nc6 33. Rbe8
Rxb7 34. R8e6 Ne5 0-1

[Event "11. Lichtenberger Sommer"]
[Site "Berlin"]
[Date "2012.08.20"]
[Round "3.78"]
[White "Grothe, Michael"]
[Black "Kasper, Peter"]
[Result "0-1"]
[WhiteElo "1260"]
[BlackElo "1822"]
[PlyCount "102"]
[EventDate "2012.??.??"]
[WhiteTeam "SK König Tegel 1949 e.V."]
[BlackTeam "SG Eckturm"]

1. e4 c6 2. Nf3 d5 3. b3 dxe4 4. Nd4 Qxd4 5. Nc3 Nf6 6. g3 Bg4 7. Be2 Bxe2 8.
Qxe2 Nbd7 9. Bb2 g6 10. O-O-O Qb6 11. Nxe4 Bg7 12. f3 O-O 13. Rhe1 Nxe4 14.
Qxe4 Bxb2+ 15. Kxb2 e6 16. f4 Rad8 17. d3 a5 18. a4 Nc5 19. Qc4 Qb4 20. Qxb4
axb4 21. h4 Rd5 22. d4 Na6 23. Rd3 Rfd8 24. Red1 h5 25. c4 bxc3+ 26. Kxc3 c5
27. dxc5 Rxd3+ 28. Rxd3 Rxd3+ 29. Kxd3 Nxc5+ 30. Kc4 Nxb3 31. Kxb3 Kf8 32. Kc4
Ke7 33. Kc5 Kd7 34. Kb6 Kc8 35. a5 f6 36. a6 bxa6 37. Kxa6 Kc7 38. Kb5 Kd6 39.
Kc4 e5 40. fxe5+ fxe5 41. Kd3 Kd5 42. Ke3 e4 43. Ke2 Ke5 44. Ke3 Kf5 45. Kf2
Kg4 46. Kg2 e3 47. Kf1 Kxg3 48. Ke2 Kxh4 49. Kxe3 Kg3 50. Ke2 Kg2 51. Ke1 h4
0-1

[Event "11. Lichtenberger Sommer"]
[Site "Berlin"]
[Date "2012.08.20"]
[Round "3.79"]
[White "Güldenpfennig, Gavin"]
[Black "Barwich, Andreas"]
[Result "0-1"]
[WhiteElo "1544"]
[BlackElo "1945"]
[PlyCount "98"]
[EventDate "2012.??.??"]
[WhiteTeam "BSC Rehberge 1945 e.V."]
[BlackTeam "SV Berolina Mitte e.V."]

1. e4 c5 2. c3 e6 3. d4 d5 4. e5 Nc6 5. Nf3 Nge7 6. Bg5 Qb6 7. b3 cxd4 8. cxd4
Nf5 9. Nc3 Bb4 10. Rc1 Nfxd4 11. Nxd4 Qxd4 12. Qxd4 Nxd4 13. Be3 Nc6 14. Bb5
Bd7 15. Bxc6 Bxc6 16. O-O Kd7 17. f4 g6 18. Bd4 h5 19. a4 b6 20. h4 Rhc8 21.
Rfd1 Rab8 22. Bf2 Rb7 23. Ne4 Ke7 24. Nf6 Rbc7 25. g4 hxg4 26. Nxg4 Bb7 27.
Rxc7+ Rxc7 28. Nf6 Rc3 29. h5 gxh5 30. Nxh5 Rxb3 31. Bh4+ Kf8 32. Nf6 Rh3 33.
Bg5 Bc6 34. Kg2 Rh8 35. Rc1 Bc5 36. a5 d4+ 37. Kg3 Rh1 38. Rxh1 Bxh1 39. axb6
axb6 40. Nd7+ Ke8 41. Nf6+ Kf8 42. Nd7+ Kg7 43. Bf6+ Kg8 44. Nxc5 bxc5 45. Kf2
c4 46. Be7 c3 47. Ke2 Be4 48. Bb4 d3+ 49. Kd1 Bf3+ 0-1

[Event "11. Lichtenberger Sommer"]
[Site "Berlin"]
[Date "2012.08.20"]
[Round "3.80"]
[White "Deutschbein, Christopher"]
[Black "Grozea, Filip"]
[Result "1-0"]
[WhiteElo "2049"]
[BlackElo "822"]
[PlyCount "57"]
[EventDate "2012.??.??"]
[WhiteTeam "Bille SC von 1924 e.V."]
[BlackTeam "TSG Oberschöneweide e.V."]

1. e4 e5 2. Nf3 Nc6 3. Bc4 Nf6 4. Ng5 d5 5. exd5 Nxd5 6. d4 Qxg5 7. Bxg5 Be6 8.
dxe5 Nxe5 9. Bxd5 c6 10. Bxe6 fxe6 11. Qe2 Bd6 12. f4 O-O 13. fxe5 Bc5 14. Nc3
Bf2+ 15. Qxf2 Rxf2 16. Kxf2 Rf8+ 17. Ke2 Rf5 18. Be3 Rxe5 19. Rhf1 h6 20. Rad1
Rf5 21. Rxf5 exf5 22. Rd7 b5 23. Kf3 b4 24. Ne2 Kh7 25. Kf4 Kg6 26. Bd4 Kh5 27.
Rxg7 Kh4 28. Bf6+ Kh5 29. Ng3# 1-0

[Event "11. Lichtenberger Sommer"]
[Site "Berlin"]
[Date "2012.08.20"]
[Round "3.82"]
[White "Laurin, Dirk"]
[Black "Müller, Thomas"]
[Result "0-1"]
[WhiteElo "1665"]
[BlackElo "1767"]
[PlyCount "56"]
[EventDate "2012.??.??"]
[WhiteTeam "SG Narva Berlin e.V."]
[BlackTeam "SV Schewe Torm/Derendorf 1928/30"]

1. e4 Nf6 2. Nc3 d5 3. exd5 a6 4. Be2 Nxd5 5. Nxd5 Qxd5 6. Bf3 Qd6 7. Ne2 Nc6
8. d4 e5 9. d5 Ne7 10. c4 Qb4+ 11. Nc3 Qxc4 12. Be2 Qb4 13. a3 Qd6 14. O-O g6
15. Be3 Bg7 16. Qa4+ Qd7 17. Bb5 c6 18. dxc6 bxc6 19. Rad1 cxb5 20. Nxb5 Qxb5
21. Bb6 O-O 22. Qxb5 axb5 23. Rd2 Be6 24. Rfd1 Nd5 25. Bc5 Rfc8 26. Bd6 Rc6 27.
Bb4 Nxb4 28. axb4 Rac8 0-1

[Event "11. Lichtenberger Sommer"]
[Site "Berlin"]
[Date "2012.08.20"]
[Round "3.83"]
[White "Bollenbach, Horst"]
[Black "Kollars, Michael"]
[Result "1/2-1/2"]
[WhiteElo "1742"]
[BlackElo "1649"]
[PlyCount "51"]
[EventDate "2012.??.??"]
[WhiteTeam "SC Friesen Lichtenberg e.V."]
[BlackTeam "Delmenhorster SK V 1931"]

1. d4 Nf6 2. c4 g6 3. Nc3 Bg7 4. e4 d6 5. Nf3 O-O 6. g3 Na6 7. a3 c5 8. d5 Nc7
9. Bg2 Bd7 10. a4 a6 11. O-O b5 12. axb5 axb5 13. Rxa8 Qxa8 14. cxb5 Nxb5 15.
Nxb5 Bxb5 16. Re1 Nd7 17. Nd2 Ne5 18. Bf1 Bxf1 19. Kxf1 Qa6+ 20. Re2 Nd3 21.
Qc2 Nxc1 22. Qxc1 Bh6 23. f4 e5 24. dxe6 fxe6 25. Qc4 Qxc4 26. Nxc4 1/2-1/2

[Event "11. Lichtenberger Sommer"]
[Site "Berlin"]
[Date "2012.08.20"]
[Round "3.84"]
[White "Kretzschmar, Jan"]
[Black "Acikel, Mert"]
[Result "1-0"]
[WhiteElo "1839"]
[BlackElo "1791"]
[PlyCount "129"]
[EventDate "2012.??.??"]
[WhiteTeam "SC Kreuzberg e.V."]
[BlackTeam "VfB Hermsdorf e.V."]

1. d4 d5 2. Nf3 Nf6 3. c4 e6 4. e3 Nbd7 5. cxd5 exd5 6. b3 c5 7. Bb2 Bd6 8.
Nbd2 O-O 9. Bd3 cxd4 10. Bxd4 Qe7 11. O-O Ne5 12. Bc2 Bd7 13. h3 Bb5 14. Re1
Rfe8 15. Qb1 h6 16. Nh4 Bb4 17. Qd1 Nd3 18. Nf5 Qe6 19. Bxd3 Bxd3 20. Nxh6+
gxh6 21. Bxf6 Bxd2 22. Qxd2 Qxf6 23. Qxd3 Rad8 24. Red1 Re4 25. Qb5 b6 26. Rac1
d4 27. Qc6 Re6 28. Qc7 Red6 29. exd4 Rxd4 30. Rxd4 Qxd4 31. Qxa7 Qf4 32. Rf1
Rd6 33. Qa8+ Kg7 34. Qc8 Rg6 35. Qc3+ Kh7 36. Qe3 Qd6 37. Qf3 Qc7 38. Qf5 Kg7
39. Re1 Qd6 40. Qe5+ Qxe5 41. Rxe5 Rc6 42. Rb5 Rc1+ 43. Kh2 Rc2 44. f3 Rxa2 45.
Rxb6 Rc2 46. Kg3 Rc5 47. b4 Rg5+ 48. Kf2 Re5 49. g4 Rd5 50. b5 Rd4 51. Rc6 Rb4
52. b6 Rb3 53. Kg3 Rb4 54. f4 Rb3+ 55. Kh4 Rb4 56. f5 Rb3 57. Rd6 Rb4 58. Kh5
Rb3 59. h4 f6 60. Rd7+ Kf8 61. b7 Ke8 62. Rh7 Kf8 63. b8=Q+ Rxb8 64. Rh8+ Kg7
65. Rxb8 1-0

[Event "11. Lichtenberger Sommer"]
[Site "Berlin"]
[Date "2012.08.20"]
[Round "3.85"]
[White "Pilgrim, Wilfried"]
[Black "Schlittermann, Wolfgang"]
[Result "0-1"]
[WhiteElo "1486"]
[BlackElo "1755"]
[PlyCount "57"]
[EventDate "2012.??.??"]
[WhiteTeam "SC Kreuzberg e.V."]
[BlackTeam "SV Osram e.V."]

1. Nf3 Nc6 2. d4 e6 3. e4 a6 4. Nc3 Bb4 5. a3 Bxc3+ 6. bxc3 Nf6 7. Bg5 h6 8.
Bh4 g5 9. Bg3 Nxe4 10. Be5 f6 11. Bg3 Nxc3 12. Qd3 Nd5 13. Qg6+ Kf8 14. h4 Nce7
15. Qd3 g4 16. Ne5 fxe5 17. Bxe5 Rg8 18. Qh7 Nf5 19. Bd3 Nf6 20. Bxf6 Qxf6 21.
Bxf5 exf5 22. O-O-O Rh8 23. Qxh8+ Qxh8 24. Rhe1 Qf6 25. Rd3 Qxh4 26. Rde3 Qxf2
27. Re8+ Kf7 28. R1e5 Qg1+ 29. Kd2 0-1

[Event "11. Lichtenberger Sommer"]
[Site "Berlin"]
[Date "2012.08.20"]
[Round "3.86"]
[White "Bandsom, Olaf"]
[Black "Winz, Michael"]
[Result "1-0"]
[WhiteElo "1800"]
[BlackElo "1663"]
[PlyCount "31"]
[EventDate "2012.??.??"]
[WhiteTeam "SC Friesen Lichtenberg e.V."]
[BlackTeam "SC Friesen Lichtenberg e.V."]

1. e4 e5 2. Nf3 Nc6 3. Bc4 Nf6 4. Ng5 d5 5. exd5 Nxd5 6. Nxf7 Kxf7 7. Qf3+ Ke6
8. Nc3 Nce7 9. O-O g6 10. d4 Bg7 11. Bg5 c6 12. dxe5 Rf8 13. Qe4 Rf5 14. Bxe7
Kxe7 15. Qh4+ Ke6 16. Qxd8 1-0

[Event "11. Lichtenberger Sommer"]
[Site "Berlin"]
[Date "2012.08.20"]
[Round "3.87"]
[White "Geißler, Felix"]
[Black "Zelanti, Markus"]
[Result "1-0"]
[WhiteElo "1766"]
[BlackElo "1487"]
[PlyCount "48"]
[EventDate "2012.??.??"]
[WhiteTeam "SC Kreuzberg e.V."]
[BlackTeam "Queer-Springer SSV Berlin"]

1. e4 e6 2. d4 d5 3. Nc3 Bb4 4. a3 Bxc3+ 5. bxc3 Ne7 6. Bd3 c5 7. dxc5 Qa5 8.
Ne2 Qxc5 9. Be3 Qc7 10. O-O Nbc6 11. c4 dxe4 12. Bxe4 Bd7 13. Nc3 a6 14. Rb1
Rb8 15. Qe2 Qa5 16. Rb3 Qe5 17. f4 Qf6 18. Qd2 Nf5 19. Bb6 Nfd4 20. Rd1 e5 21.
fxe5 Qxe5 22. Bxc6 O-O 23. Bxd4 Qe7 24. Nd5 Qe8 1-0

[Event "11. Lichtenberger Sommer"]
[Site "Berlin"]
[Date "2012.08.20"]
[Round "3.88"]
[White "Wege, Hermann"]
[Black "Urbaniak, Andreas"]
[Result "0-1"]
[WhiteElo "1912"]
[BlackElo "1708"]
[PlyCount "92"]
[EventDate "2012.??.??"]
[WhiteTeam "Schachclub Rathenow e.V."]
[BlackTeam "SV Berolina Mitte e.V."]

1. Nf3 Nc6 2. g3 e6 3. Bg2 d5 4. d3 b6 5. O-O Bb7 6. Nbd2 Bd6 7. Re1 Nge7 8. e4
dxe4 9. dxe4 Ng6 10. c3 O-O 11. a4 Nce5 12. Nxe5 Nxe5 13. Qe2 a5 14. b3 Ba6 15.
c4 Bb4 16. Rd1 Qe7 17. f4 Bc3 18. Ra2 Nc6 19. Nf3 Rad8 20. Rc2 Rxd1+ 21. Qxd1
Rd8 22. Qe2 Qb4 23. Bb2 Qxb3 24. Rxc3 Qxa4 25. Qc2 Rd1+ 26. Kf2 Qxc2+ 27. Rxc2
Nb4 28. Ke2 Nxc2 29. Kxd1 Ne3+ 30. Ke2 Nxg2 31. Nd2 f5 32. Kf2 fxe4 33. Kxg2 e3
34. Nb1 Bxc4 35. Na3 e2 36. Kf2 Bd3 37. Bc3 c5 38. Ke3 Ba6 39. Nc2 a4 40. Bb2
Bc4 41. Kd2 b5 42. Be5 b4 43. Bd6 b3 44. Ne1 a3 45. Bxc5 b2 46. Kc2 Ba2 0-1

[Event "11. Lichtenberger Sommer"]
[Site "Berlin"]
[Date "2012.08.20"]
[Round "3.89"]
[White "Schröder, Gert"]
[Black "Dreke, Frank"]
[Result "0-1"]
[WhiteElo "1391"]
[BlackElo "2025"]
[PlyCount "60"]
[EventDate "2012.??.??"]
[WhiteTeam "SV Königsjäger Süd-West e.V."]
[BlackTeam "Treptower SV 1949 e.V."]

1. e4 c5 2. Nc3 e6 3. Bc4 a6 4. d4 cxd4 5. Qxd4 Nc6 6. Qe3 d6 7. Nf3 Be7 8. a3
Nf6 9. h3 d5 10. exd5 exd5 11. Bb3 d4 12. Nxd4 Nxd4 13. Ne2 Nxb3 14. cxb3 O-O
15. O-O Re8 16. Qf3 Qd5 17. Qc3 Be6 18. b4 Qc4 19. Qe1 Bd6 20. Be3 Qh4 21. f4
Qxe1 22. Rfxe1 Bxh3 23. Ng3 Bg4 24. Rac1 Nd5 25. Bc5 Bxf4 26. Rxe8+ Rxe8 27.
Rc4 Bxg3 28. Bf2 Bxf2+ 29. Kxf2 Be6 30. g3 Rc8 0-1

[Event "11. Lichtenberger Sommer"]
[Site "Berlin"]
[Date "2012.08.20"]
[Round "3.90"]
[White "Ziems, Michael"]
[Black "Schreiber, Ben-Luca"]
[Result "0-1"]
[WhiteElo "1836"]
[BlackElo "1677"]
[PlyCount "138"]
[EventDate "2012.??.??"]
[WhiteTeam "SV Empor Berlin e.V."]
[BlackTeam "SG Lasker Steglitz-Wilmersdorf"]

1. e4 d6 2. d4 Nf6 3. Bd3 g6 4. Nf3 Bg7 5. O-O O-O 6. c4 Bg4 7. Be3 Nbd7 8. Nc3
c5 9. h3 cxd4 10. Bxd4 Bxf3 11. Qxf3 Qc7 12. Qe2 Rfc8 13. Rac1 Nb6 14. e5 Nfd7
15. Nb5 Qb8 16. e6 Ne5 17. exf7+ Kxf7 18. Be4 Nexc4 19. Rxc4 Rxc4 20. Bd5+ Nxd5
21. Qxc4 e6 22. Rd1 a6 23. Qc8 Qxc8 24. Nxd6+ Kg8 25. Nxc8 Rxc8 26. Bxg7 Kxg7
27. Rd2 Kf6 28. g3 Rc5 29. Kg2 Ke5 30. Re2+ Kd6 31. h4 Rb5 32. Rd2 e5 33. Re2
Ra5 34. a3 Rb5 35. Rd2 Ke6 36. Re2 h6 37. f4 Nf6 38. fxe5 Rxe5 39. Rc2 Nd5 40.
Kf3 Re3+ 41. Kf2 Kf5 42. Rc5 Re5 43. Rc4 g5 44. hxg5 Kxg5 45. Rd4 Rf5+ 46. Ke2
b5 47. Re4 Kf6 48. Rh4 h5 49. Rd4 Re5+ 50. Kf2 Nb6 51. Rd6+ Re6 52. Rd2 Nc4 53.
Rc2 Kg5 54. a4 Rf6+ 55. Kg1 Rf3 56. Kh2 Kg4 57. b3 Ne3 58. Re2 Rxg3 59. axb5
axb5 60. b4 h4 61. Re1 h3 62. Rc1 Rg2+ 63. Kh1 Rf2 64. Rc3 Kf3 65. Rd3 Rb2 66.
Ra3 Rxb4 67. Rd3 Ke2 68. Ra3 Nf1 69. Rc3 h2 0-1

[Event "11. Lichtenberger Sommer"]
[Site "Berlin"]
[Date "2012.08.20"]
[Round "3.91"]
[White "Möller, Dirk"]
[Black "Sauermann, Andreas"]
[Result "0-1"]
[WhiteElo "1686"]
[BlackElo "1933"]
[PlyCount "56"]
[EventDate "2012.??.??"]
[WhiteTeam "SC Kreuzberg e.V."]
[BlackTeam "Schachclub Nira Berlin"]

1. e4 c5 2. Nf3 a6 3. d4 cxd4 4. Nxd4 d6 5. Nc3 Nf6 6. Be2 e6 7. Bg5 Be7 8. f4
Nc6 9. Qd3 Bd7 10. O-O-O Rc8 11. g4 Qc7 12. f5 e5 13. Nb3 b5 14. Be3 b4 15. Nb1
a5 16. g5 Ng8 17. h4 a4 18. N3d2 b3 19. a3 bxc2 20. Qxc2 Nd4 21. Qxc7 Nxe2+ 22.
Kc2 Rxc7+ 23. Kd3 Bb5+ 24. Nc4 Bxc4+ 25. Kd2 Ng3 26. Rhg1 Nxe4+ 27. Ke1 Bb3 28.
Rd3 Bc2 0-1

[Event "11. Lichtenberger Sommer"]
[Site "Berlin"]
[Date "2012.08.20"]
[Round "3.92"]
[White "Bensch, Wolfgang"]
[Black "Schönberger, Kay"]
[Result "0-1"]
[WhiteElo "1665"]
[BlackElo "1899"]
[PlyCount "72"]
[EventDate "2012.??.??"]
[WhiteTeam "SC Eintracht Berlin e.V."]
[BlackTeam "SV Koblenz 03/25"]

1. d4 Nf6 2. Nf3 g6 3. g3 Bg7 4. Bg2 O-O 5. O-O d5 6. Re1 b6 7. Nbd2 Bb7 8. Nb3
Nbd7 9. Ne5 c5 10. Nxd7 Nxd7 11. dxc5 Nxc5 12. c4 Nxb3 13. axb3 e6 14. cxd5
Bxd5 15. Bxd5 Qxd5 16. Qxd5 exd5 17. e3 Rfd8 18. Rb1 Rac8 19. Bd2 Rc2 20. Bc1
f5 21. Kf1 Rdc8 22. Rd1 Kf7 23. h4 Ke6 24. Kg2 Re2 25. Rd2 Re1 26. Ra1 a5 27.
b4 Rcxc1 28. Ra3 Red1 29. Re2 Ra1 30. Rxa1 Rxa1 31. Rc2 Kd7 32. Rd2 Kd6 33. Rc2
axb4 34. Rc8 Bxb2 35. Rf8 Bc3 36. Rf7 b3 0-1

[Event "11. Lichtenberger Sommer"]
[Site "Berlin"]
[Date "2012.08.20"]
[Round "3.93"]
[White "Dittrich, Tom"]
[Black "Prix, Siegfried"]
[Result "0-1"]
[WhiteElo "1627"]
[BlackElo "1800"]
[PlyCount "76"]
[EventDate "2012.??.??"]
[WhiteTeam "SG Blau-Weiß Stadtilm"]
[BlackTeam "Sfrd. Berlin 1903 e.V."]

1. e4 c5 2. Nf3 Nc6 3. d4 cxd4 4. Nxd4 Nf6 5. Nc3 d6 6. f3 e6 7. Be3 Be7 8. Qd2
a6 9. O-O-O Bd7 10. g4 b5 11. h4 O-O 12. h5 Qa5 13. Nb3 Qc7 14. g5 Ne8 15. g6
Ne5 16. gxh7+ Kxh7 17. f4 Nc4 18. Bxc4 Qxc4 19. Qd4 Rc8 20. Qxc4 Rxc4 21. Bd4
Bc8 22. Rhg1 Nf6 23. Bxf6 gxf6 24. Rd4 Rxd4 25. Nxd4 Bb7 26. Re1 Rg8 27. Kd2
Rg2+ 28. Re2 Rg4 29. f5 b4 30. Na4 e5 31. Nb3 Bxe4 32. Na5 Bxf5 33. Nc6 Bf8 34.
Nb8 Bh6+ 35. Ke1 Bc8 36. Rf2 f5 37. Nb6 Be6 38. b3 Be3 0-1

[Event "11. Lichtenberger Sommer"]
[Site "Berlin"]
[Date "2012.08.20"]
[Round "3.94"]
[White "Schönemann, Manfred"]
[Black "Günther, Boris"]
[Result "1-0"]
[WhiteElo "1788"]
[BlackElo "1433"]
[PlyCount "45"]
[EventDate "2012.??.??"]
[WhiteTeam "SV Turbine Berlin e.V."]
[BlackTeam "SF Friedrichshagen"]

1. d4 d5 2. c4 c6 3. Nc3 Nf6 4. Bg5 dxc4 5. Bxf6 exf6 6. e4 Bb4 7. Bxc4 O-O 8.
Nge2 Qc7 9. O-O Bd6 10. f4 Nd7 11. Qb3 Nb6 12. Bd3 f5 13. e5 Be7 14. Rac1 Be6
15. Qc2 Nd5 16. Nxd5 Bxd5 17. Bxf5 g6 18. Be4 Rad8 19. f5 Bxe4 20. Qxe4 g5 21.
f6 Bb4 22. Rf3 Rfe8 23. Rh3 1-0

[Event "11. Lichtenberger Sommer"]
[Site "Berlin"]
[Date "2012.08.20"]
[Round "3.95"]
[White "Lippianowski, Stefan"]
[Black "Walter, Günter"]
[Result "0-1"]
[WhiteElo "1259"]
[BlackElo "1983"]
[PlyCount "30"]
[EventDate "2012.??.??"]
[WhiteTeam "Treptower SV 1949 e.V."]
[BlackTeam "TSG Oberschöneweide e.V."]

1. e4 e5 2. Nf3 Nc6 3. d4 exd4 4. Nxd4 Bc5 5. Nf5 d5 6. Nxg7+ Kf8 7. Nf5 Bxf5
8. exf5 Qh4 9. g3 Qe4+ 10. Be3 Bxe3 11. f3 Qb4+ 12. Nd2 Re8 13. Be2 h5 14. c3
Qxb2 15. Qc1 Bxd2+ 0-1

[Event "11. Lichtenberger Sommer"]
[Site "Berlin"]
[Date "2012.08.20"]
[Round "3.96"]
[White "Stiewe, Frank"]
[Black "Schneider, Eckehard"]
[Result "0-1"]
[WhiteElo "1679"]
[BlackElo "1795"]
[PlyCount "104"]
[EventDate "2012.??.??"]
[WhiteTeam "vereinslos"]
[BlackTeam "Sfrd. Berlin 1903 e.V."]

1. e4 e6 2. d4 d5 3. Nc3 Nf6 4. e5 Nfd7 5. Be3 c5 6. Nf3 Nc6 7. b3 cxd4 8. Bxd4
Qa5 9. a3 Nxd4 10. Qxd4 Bc5 11. Qd2 a6 12. Ne4 Qxd2+ 13. Nexd2 Nxe5 14. Nxe5
Bd4 15. Nxf7 Kxf7 16. Rd1 Rf8 17. Bd3 Kg8 18. O-O Bd7 19. Nf3 Bb2 20. a4 e5 21.
Ne1 Bd4 22. h3 Bc3 23. f3 Bc6 24. Kh1 Rf6 25. Be2 Raf8 26. Nd3 Rg6 27. Nc1 Rgf6
28. Na2 Bd4 29. c3 Be3 30. Nb4 d4 31. cxd4 exd4 32. Bc4+ Kh8 33. Nxc6 Rxc6 34.
Rd3 g6 35. Re1 Kg7 36. Re2 Rc5 37. Rc2 b5 38. axb5 axb5 39. Rd1 bxc4 40. bxc4
Rfc8 41. Rd3 Kf6 42. Kh2 Ke5 43. g3 Rxc4 44. Rg2 Rc2 45. h4 Rxg2+ 46. Kxg2 Rc2+
47. Kh3 Rc3 48. Rd1 d3 49. Kg2 Kd4 50. Kf1 Rc2 51. f4 Rf2+ 52. Ke1 d2+ 0-1

[Event "11. Lichtenberger Sommer"]
[Site "Berlin"]
[Date "2012.08.20"]
[Round "3.97"]
[White "Dittrich, Hans-Georg"]
[Black "Kramer, Ralf"]
[Result "1-0"]
[WhiteElo "1748"]
[BlackElo "1633"]
[PlyCount "81"]
[EventDate "2012.??.??"]
[WhiteTeam "SG Blau-Weiß Stadtilm"]
[BlackTeam "SV Königsjäger Süd-West e.V."]

1. c4 Nf6 2. g3 e5 3. Bg2 c6 4. d3 Bb4+ 5. Nc3 Qb6 6. e3 d6 7. Nge2 Bg4 8. O-O
Bxc3 9. bxc3 O-O 10. Qc2 Qc7 11. Re1 Re8 12. a4 a5 13. Ba3 Nbd7 14. Rab1 Ra7
15. Rb2 Rb8 16. Reb1 Ne8 17. Nc1 Be6 18. Nb3 h6 19. Nd2 Ndf6 20. Ne4 Nxe4 21.
Bxe4 f5 22. Bg2 Qc8 23. Rb6 d5 24. cxd5 Bxd5 25. Bh3 Be6 26. f4 exf4 27. exf4
Qd7 28. d4 Nf6 29. Bc5 Ne4 30. Rxc6 Nxc5 31. Rxc5 g6 32. Bg2 Rd8 33. Rcb5 Rb8
34. Qb2 Bc4 35. Rb6 Qe7 36. Qd2 Qf7 37. Qe3 Re8 38. Qc1 Ba6 39. Qa3 Rc8 40. Qd6
Kg7 41. Bd5 1-0

[Event "11. Lichtenberger Sommer"]
[Site "Berlin"]
[Date "2012.08.20"]
[Round "3.98"]
[White "Kühnert, Hanno"]
[Black "Koerber, Bernhard"]
[Result "0-1"]
[WhiteElo "1666"]
[BlackElo "1643"]
[PlyCount "48"]
[EventDate "2012.??.??"]
[WhiteTeam "SC Rotation Pankow e.V."]
[BlackTeam "SK Zehlendorf e.V."]

1. d4 Nf6 2. Nf3 g6 3. Bf4 Bg7 4. h3 O-O 5. e3 d5 6. c4 c5 7. Nc3 cxd4 8. exd4
Nc6 9. c5 b6 10. Bb5 Bb7 11. O-O bxc5 12. Bxc6 Bxc6 13. dxc5 Qa5 14. Be3 e6 15.
a3 Nd7 16. b4 Qa6 17. Qd2 Qb7 18. Bh6 e5 19. Bxg7 Kxg7 20. Nh2 d4 21. Ne2 Bxg2
22. Rfc1 Rac8 23. Ng3 Bxh3 24. Re1 Qg2# 0-1

[Event "11. Lichtenberger Sommer"]
[Site "Berlin"]
[Date "2012.08.20"]
[Round "3.99"]
[White "Kranch, Klaus"]
[Black "Mahler, Sonja"]
[Result "1/2-1/2"]
[WhiteElo "1770"]
[BlackElo "1644"]
[PlyCount "107"]
[EventDate "2012.??.??"]
[WhiteTeam "SC Rochade e.V."]
[BlackTeam "SC Kreuzberg e.V."]

1. d4 d5 2. c4 c6 3. Nc3 h6 4. Nf3 Bg4 5. Ne5 Bh5 6. cxd5 f6 7. Nd3 cxd5 8.
Qa4+ Kf7 9. Nf4 Bg4 10. Qc2 e6 11. Qg6+ Ke7 12. Qxg4 f5 13. Ng6+ Ke8 14. Qg3
Rh7 15. Nxf8 Kxf8 16. e3 a6 17. Be2 Nf6 18. O-O Nc6 19. Bd2 g5 20. f3 Rg7 21.
Na4 b6 22. Rac1 Nh5 23. Qh3 Qe8 24. g4 Nxd4 25. exd4 Qxa4 26. Be3 Nf4 27. Bxf4
Qxd4+ 28. Kh1 Qxf4 29. Rc6 Qe3 30. Qg2 d4 31. Bc4 Re8 32. Rd6 Rc7 33. Bxa6 Rc1
34. h3 Re7 35. Rd8+ Kf7 36. Qe2 Rxf1+ 37. Qxf1 Rc7 38. Rc8 Rxc8 39. Bxc8 d3 40.
Ba6 d2 41. Qe2 Qd4 42. Qd1 Qxb2 43. Bc4 Qd4 44. Bb3 Qf2 45. gxf5 Qe1+ 46. Kg2
b5 47. fxe6+ Ke7 48. a3 Kd6 49. Qc2 Qe2+ 50. Kg3 Qe1+ 51. Kg2 Qe2+ 52. Kg3 Qe1+
53. Kg2 Qe2+ 54. Kg3 1/2-1/2

[Event "11. Lichtenberger Sommer"]
[Site "Berlin"]
[Date "2012.08.20"]
[Round "3.100"]
[White "Tschirschwitz, Stephan"]
[Black "Jachym, Christoph"]
[Result "1-0"]
[WhiteElo "1557"]
[BlackElo "1629"]
[PlyCount "59"]
[EventDate "2012.??.??"]
[WhiteTeam "SG Lasker Steglitz-Wilmersdorf"]
[BlackTeam "SC Zugzwang 95 e.V."]

1. d4 Nf6 2. c4 g6 3. Nc3 Bg7 4. e4 d6 5. Be2 O-O 6. Be3 e5 7. d5 Nbd7 8. Qc2
a6 9. h3 Ne8 10. g4 c6 11. a4 cxd5 12. Nxd5 Nef6 13. b4 Nxd5 14. cxd5 a5 15. b5
b6 16. Qc6 Nc5 17. Bxc5 dxc5 18. Qxa8 Qe7 19. Qc6 Bb7 20. Qxb6 Ra8 21. d6 Qe6
22. Qxb7 Qb3 23. Qxa8+ Bf8 24. Qxa5 Bxd6 25. Rd1 Be7 26. Nf3 c4 27. Qc7 Qc3+
28. Kf1 Bb4 29. Kg2 Qc2 30. Bxc4 1-0

[Event "11. Lichtenberger Sommer"]
[Site "Berlin"]
[Date "2012.08.20"]
[Round "3.101"]
[White "Soliva Ruiz, Ramon"]
[Black "Paris, Gerhard"]
[Result "1-0"]
[WhiteElo "1620"]
[BlackElo "1615"]
[PlyCount "111"]
[EventDate "2012.??.??"]
[WhiteTeam "Valencia"]
[BlackTeam "TSG Oberschöneweide e.V."]

1. d4 Nf6 2. c4 g6 3. Nf3 d6 4. Bd2 Bg7 5. Nc3 O-O 6. e4 c5 7. d5 a6 8. Bd3
Nbd7 9. h3 Nb6 10. O-O e6 11. Re1 exd5 12. exd5 Qc7 13. Qc2 Bd7 14. Bf4 Rae8
15. Ng5 Nc8 16. Rab1 Nh5 17. Bh2 Re7 18. Nge4 Rfe8 19. Qd2 Be5 20. Bxe5 Rxe5
21. g4 f5 22. gxh5 fxe4 23. Nxe4 Qd8 24. hxg6 hxg6 25. Qh6 Bf5 26. f3 Bxe4 27.
Rxe4 Qg5+ 28. Qxg5 Rxg5+ 29. Rg4 Rxg4+ 30. hxg4 Kg7 31. Kf2 Kf6 32. Rh1 Ne7 33.
f4 g5 34. Rh6+ Kg7 35. Rxd6 gxf4 36. Rd7 Kf6 37. Rxb7 Ke5 38. Ra7 Kd4 39. Be2
Ng6 40. Rxa6 Ne5 41. b3 Rh8 42. Kg2 Re8 43. Re6 Ra8 44. a4 Rb8 45. Bd1 Rf8 46.
Bf3 Rb8 47. d6 Rxb3 48. d7 Rb2+ 49. Kh3 Nxd7 50. Rd6+ Kxc4 51. Rxd7 Rb6 52. Kg2
Rb2+ 53. Kf1 Rb1+ 54. Kf2 Rb2+ 55. Be2+ Kb4 56. Rb7+ 1-0